| 000 | 00598nam a2200217 a 4500 | ||
|---|---|---|---|
| 999 |
_c7073 _d7073 |
||
| 001 | 7073 | ||
| 003 | UkOxU | ||
| 005 | 20180204175220.0 | ||
| 008 | 860101s1963 enka j 000 1 eng d | ||
| 035 | _a(BD-JhCC)7073 | ||
| 040 |
_aEYW _cEYW _dUKM _dEQO |
||
| 041 | 1 |
_aeng _hund |
|
| 082 |
_a839.737 _218 _bLIN 1963 |
||
| 100 | 1 |
_aLindgren, Astrid, _d1907-2002. |
|
| 245 | 1 | 0 |
_aMadicken. / _cTranslated by Marianne Turner; illustrated by Ilon Wikland |
| 260 |
_aOxford University Press : _bLondon, _c1963 |
||
| 300 |
_a142 p. _billus. _c21 cm |
||
| 650 | _aFiction | ||
| 942 |
_2ddc _cBK |
||